| 000 | 01233nam a2200325 a 4500 | ||
|---|---|---|---|
| 001 | 58632 | ||
| 003 | BD-RjUL | ||
| 005 | 20211209080637.0 | ||
| 008 | 950501s1995 nyua b 001 0 eng | ||
| 020 | _a0471106615 (cloth : alk. paper) | ||
| 035 | _a(BD-RjUL)58756 | ||
| 040 |
_aDLC _cDLC _dBD-RjUL _beng |
||
| 041 | _aeng | ||
| 082 | 0 | 0 |
_a332.6 _223 _bPOR 1995 |
| 245 | 0 | 4 |
_aThe portable MBA in investment / _c[edited by] Peter L. Bernstein. |
| 246 | 3 | _aPortable Masters of Business Administration in investment | |
| 260 |
_aNew York : _bWiley, _cc1995. |
||
| 300 |
_av, 442 p. : _bill. ; _c26 cm. |
||
| 504 | _aIncludes bibliographical references and index. | ||
| 650 | 0 |
_aInvestments. _9173568 |
|
| 650 | 0 |
_aPortfolio management. _9173895 |
|
| 650 | 0 |
_aInstitutional investments. _9174240 |
|
| 700 | 1 |
_aBernstein, Peter L. _9174241 |
|
| 856 | 4 | 2 |
_3Contributor biographical information _uhttp://www.loc.gov/catdir/bios/wiley042/95018969.html |
| 856 | 4 | 2 |
_3Publisher description _uhttp://www.loc.gov/catdir/description/wiley034/95018969.html |
| 856 | 4 |
_3Table of Contents _uhttp://www.loc.gov/catdir/toc/onix05/95018969.html |
|
| 942 |
_2ddc _cBK |
||
| 999 |
_c58632 _d58632 |
||